000 00461nam a2200169Ia 4500
003 LK-CoDNM
008 010623t1997 xxu||||| |||| 00| 1 sin d
040 _aLK-CoDNM
_dLK-CoDNM
_eLK-CoDNM
041 _asin
080 _aX 398.2 GUN
100 _aGunarathna,A.P.
245 _aරන් කැකිර සහ තවත් කථා
246 _aRan Kakira saha Thawath Katha
260 _bPradeepa
_aColombo
_c1997
300 _b144p, 21 cm
942 _cBK
999 _c118408
_d118408